| 000 | 00924nam a22002657a 4500 | ||
|---|---|---|---|
| 005 | 20230307150902.0 | ||
| 008 | 230307b ||||| |||| 00| 0 eng d | ||
| 020 | _a9788188360574 | ||
| 040 | _cAL | ||
| 041 | _aEnglish | ||
| 082 |
_223 _a275.4 _bPANW |
||
| 100 |
_aKuruvilla Pandikattu and others _974465 |
||
| 245 | _aWith Gratitude and Trust: Serving the Church and the Nation | ||
| 260 |
_aPune _bPapal Seminary _c2019 |
||
| 300 |
_axviii,314 p. _bPB _c21x13 cm. |
||
| 365 |
_a02302 _c₹ _d₹300.00 _f01-12-2022 |
||
| 650 |
_aIndia Church History Congresses _974466 |
||
| 650 |
_aMission of the Church India Congresses _974467 |
||
| 650 |
_aChurch and Social Problems India Congresses _974468 |
||
| 650 |
_aSpirituality Christianity Congresses _974469 |
||
| 700 |
_aPANDIKATTU (Kuruvilla) Ed _974470 |
||
| 700 |
_aVazhapilly (Sebastion) Ed _974471 |
||
| 700 |
_aLANKAPALLI (Prasad) Ed _974472 |
||
| 942 |
_2ddc _cBK |
||
| 999 |
_c226926 _d226926 |
||